|
|
|
|
| LEADER |
01820nam a2200409 a 4500 |
| 001 |
EBC1104498 |
| 003 |
MiAaPQ |
| 005 |
20200520144314.0 |
| 006 |
m o d | |
| 007 |
cr cn||||||||| |
| 008 |
121102s2013 nju s 000 0 eng d |
| 010 |
|
|
|z 2012044347
|
| 020 |
|
|
|z 9781118391570 (cloth)
|
| 020 |
|
|
|a 9781118421789 (electronic bk.)
|
| 035 |
|
|
|a (MiAaPQ)EBC1104498
|
| 035 |
|
|
|a (Au-PeEL)EBL1104498
|
| 035 |
|
|
|a (CaPaEBR)ebr10641840
|
| 035 |
|
|
|a (CaONFJC)MIL422994
|
| 035 |
|
|
|a (OCoLC)823389935
|
| 040 |
|
|
|a MiAaPQ
|c MiAaPQ
|d MiAaPQ
|
| 043 |
|
|
|a n-us---
|
| 050 |
|
4 |
|a HB171
|b .I69 2013
|
| 082 |
0 |
4 |
|a 330
|2 23
|
| 100 |
1 |
|
|a Ip, Greg,
|d 1964-
|
| 245 |
1 |
4 |
|a The little book of economics
|h [electronic resource] :
|b how the economy works in the real world /
|c Greg Ip ; foreword by Mohamed A. El-Erian.
|
| 250 |
|
|
|a Rev. and updated.
|
| 260 |
|
|
|a Hoboken, N.J. :
|b Wiley,
|c c2013.
|
| 300 |
|
|
|a xxiii, 258 p.
|
| 490 |
1 |
|
|a Little book big profits series
|
| 505 |
0 |
|
|a The secrets of success -- Economic bungee jumping -- In-flight monitor -- Labor pains -- Fire and ice -- Drop the puck! -- All the world's an ATM -- The price of economic freedom -- All the president's men -- The buck starts here -- White smoke over the Washington Mall -- When the world needs a fireman -- The elephant in the economy -- Good debt, bad debt -- Love-hate relationship.
|
| 533 |
|
|
|a Electronic reproduction. Ann Arbor, MI : ProQuest, 2015. Available via World Wide Web. Access may be limited to ProQuest affiliated libraries.
|
| 650 |
|
0 |
|a Economics.
|
| 651 |
|
0 |
|a United States
|x Economic conditions.
|
| 655 |
|
4 |
|a Electronic books.
|
| 710 |
2 |
|
|a ProQuest (Firm)
|
| 830 |
|
0 |
|a Little book big profits.
|
| 856 |
4 |
0 |
|u https://ebookcentral.proquest.com/lib/matrademy/detail.action?docID=1104498
|z Click to View
|